[Event "Robinson Cup"]
[Site "Paisley"]
[Date "2018.07.17"]
[Round "3.2"]
[White "Kutchoukov, Daniel"]
[Black "Randrianarimanana, Alicia"]
[Result "0-1"]
[WhiteElo "1966"]
[BlackElo "1893"]
[PlyCount "154"]
[EventDate "2018.07.16"]
[WhiteTeam "Netherlands"]
[BlackTeam "France"]
[WhiteTeamCountry "NED"]
[BlackTeamCountry "FRA"]

1. e4 c5 2. Nc3 g6 3. f4 Bg7 4. Nf3 e6 5. g3 Nc6 6. Bg2 Nge7 7. O-O O-O 8. d3
d5 9. Qe1 a6 10. Qf2 b6 11. h4 h5 12. e5 Nf5 13. Ng5 Bb7 14. Bh3 Ncd4 15. Re1
Re8 16. Be3 Bh6 17. Nd1 Bxg5 18. hxg5 Nb5 19. a4 Nbd4 20. c3 Nc6 21. d4 c4 22.
g4 hxg4 23. Bxg4 Kg7 24. Qg2 Nce7 25. Nf2 Rh8 26. Nh3 a5 27. Kf2 Nh4 28. Qg3
Nef5 29. Qh2 Bc6 30. Rh1 Qd7 31. Bd1 Ne7 32. Qg1 Rh7 33. Ke2 Rah8 34. Bc2 Nhf5
35. Qg2 Nh4 36. Qg4 Nhf5 37. Nf2 Rxh1 38. Nxh1 Qe8 39. Qg2 Rh5 40. Nf2 Qh8 41.
Ng4 Rh3 42. Bf2 Qh5 43. Rg1 Ng3+ 44. Bxg3 Qxg4+ 45. Kf2 Nf5 46. Qf3 Qxf3+ 47.
Kxf3 Rh8 48. Bf2 Rh3+ 49. Kg2 Rh8 50. Rh1 Rb8 51. Ra1 Ne7 52. Kf3 Rh8 53. Kg2
Bb7 54. b3 Ba6 55. bxc4 Bxc4 56. Rb1 Nc8 57. Bb3 Bd3 58. Rc1 Bc4 59. Bxc4 dxc4
60. Rb1 Rd8 61. Kf3 Rd5 62. Ke2 Kf8 63. Kd2 Ke7 64. Kc2 Kd7 65. Be3 Kc7 66. Kb2
Rd8 67. Rh1 Kc6 68. Rh7 Rd7 69. Bc1 Ra7 70. Ka2 b5 71. axb5+ Kxb5 72. Ba3 Kc6
73. Bc5 Rb7 74. Ba3 Nb6 75. Rh3 Nd5 76. Rf3 Rb3 77. Bb2 Nb4+ 0-1

[Event "Robinson Cup"]
[Site "Paisley"]
[Date "2018.07.17"]
[Round "3.2"]
[White "Kien, Clovis"]
[Black "Maters, Arthur"]
[Result "0-1"]
[WhiteElo "1696"]
[BlackElo "1945"]
[PlyCount "114"]
[EventDate "2018.07.16"]
[WhiteTeam "France"]
[BlackTeam "Netherlands"]
[WhiteTeamCountry "FRA"]
[BlackTeamCountry "NED"]

1. d4 Nf6 2. c4 e6 3. Nc3 Bb4 4. Qc2 O-O 5. Nf3 c5 6. e3 Nc6 7. Bd3 d5 8. O-O
dxc4 9. Bxc4 cxd4 10. Nxd4 Nxd4 11. exd4 Qxd4 12. Nb5 Qb6 13. a3 Be7 14. b4 Bd7
15. Be3 Qd8 16. Nxa7 Qc7 17. Qe2 Nd5 18. Nb5 Bxb5 19. Bxb5 Nc3 20. Qc4 Qxc4 21.
Bxc4 Bf6 22. Rfc1 Nd5 23. Ra2 Nxe3 24. fxe3 Rfc8 25. Rcc2 Be7 26. Kf2 g6 27.
Bb3 Rxc2+ 28. Bxc2 Bxb4 29. a4 b6 30. Be4 Rd8 31. Ke2 f5 32. Bd3 e5 33. Rc2 e4
34. Bc4+ Kg7 35. Rb2 Ba5 36. Rc2 Kf6 37. Bb5 Ke5 38. Bc6 Rd3 39. Bb5 Rb3 40.
Kf2 Bb4 41. Bc4 Ra3 42. Bg8 Bc5 43. Bxh7 Kf6 44. Bg8 Rxa4 45. Rc3 f4 46. Ke2
Bxe3 47. Rc7 g5 48. Rf7+ Kg6 49. Rb7 Rb4 50. Re7 Rb2+ 51. Kf1 Rf2+ 52. Ke1 Rxg2
53. Bd5 Rxh2 54. Bxe4+ Kf6 55. Re8 g4 56. Rg8 f3 57. Rxg4 Rh1+ 0-1

[Event "Robinson Cup"]
[Site "Paisley"]
[Date "2018.07.17"]
[Round "3.2"]
[White "Bleeker, Kasper"]
[Black "Chemla, Anouk"]
[Result "0-1"]
[WhiteElo "1739"]
[BlackElo "1715"]
[PlyCount "62"]
[EventDate "2018.07.16"]
[WhiteTeam "Netherlands"]
[BlackTeam "France"]
[WhiteTeamCountry "NED"]
[BlackTeamCountry "FRA"]

1. e4 c5 2. Nf3 e6 3. d4 cxd4 4. c3 Nf6 5. e5 Nd5 6. cxd4 d6 7. Bc4 Nc6 8. O-O
Be7 9. Bd2 O-O 10. Nc3 Nxc3 11. Bxc3 Qc7 12. Bd3 dxe5 13. dxe5 Rd8 14. Qe2 Bd7
15. Rac1 Rac8 16. Bb1 Qb8 17. Bd2 a5 18. Qe4 g6 19. Rfe1 Bb4 20. Bg5 Be7 21.
Bf6 Bxf6 22. exf6 Nb4 23. Qh4 Nd5 24. Rxc8 Rxc8 25. Ne5 Qxe5 26. Rd1 Qxb2 27.
h3 Rc1 28. Rxc1 Qxc1+ 29. Kh2 Qxb1 30. g4 Qc1 31. Kg2 Qf4 0-1

[Event "Robinson Cup"]
[Site "Paisley"]
[Date "2018.07.17"]
[Round "3.2"]
[White "Croisille, Shanti"]
[Black "Yeh, Timo"]
[Result "0-1"]
[WhiteElo "1594"]
[BlackElo "1705"]
[PlyCount "62"]
[EventDate "2018.07.16"]
[WhiteTeam "France"]
[BlackTeam "Netherlands"]
[WhiteTeamCountry "FRA"]
[BlackTeamCountry "NED"]

1. e4 e5 2. Nf3 Nc6 3. d4 exd4 4. Nxd4 Bc5 5. Nb3 Bb6 6. Nc3 Nf6 7. Qe2 O-O 8.
Be3 d5 9. O-O-O d4 10. Bg5 Qd6 11. f3 h6 12. Bh4 Qf4+ 13. Kb1 Qxh4 14. Na4 Be6
15. Qd2 Bxb3 16. axb3 Qg5 17. f4 Qg4 18. e5 Ne4 19. Qe1 Nf2 20. Be2 Qxg2 21.
Rg1 Qxh2 22. Rd2 Ne4 23. Rd1 Qxf4 24. Bd3 Nf2 25. Rf1 Nxd3 26. Rxd3 Qxe5 27.
Qh4 Qg5 28. Qh2 f5 29. Rg3 Qf6 30. Nxb6 axb6 31. Rfg1 g5 0-1

[Event "Robinson Cup"]
[Site "Paisley"]
[Date "2018.07.17"]
[Round "3.3"]
[White "Kante, Kalyan Sai Nandan"]
[Black "Ratnesan, Ranesh"]
[Result "0-1"]
[WhiteElo "1531"]
[BlackElo "2073"]
[PlyCount "140"]
[EventDate "2018.07.16"]
[WhiteTeam "Scotland"]
[BlackTeam "England"]
[WhiteTeamCountry "SCO"]
[BlackTeamCountry "ENG"]

1. e4 c5 2. Nc3 d6 3. g3 g6 4. Bg2 Nc6 5. d3 Bg7 6. Be3 e6 7. Qd2 Nge7 8. Bh6
O-O 9. h4 Bxh6 10. Qxh6 f6 11. Qd2 e5 12. h5 g5 13. Nge2 h6 14. f4 Nd4 15. Nd1
Nec6 16. c3 Nxe2 17. Qxe2 Qa5 18. O-O Bd7 19. fxg5 fxg5 20. Ne3 Qc7 21. Nf5 Kh7
22. Rf2 Ne7 23. g4 Bxf5 24. exf5 Ng8 25. Qe4 Nf6 26. Qe2 Rfe8 27. c4 Rab8 28.
a4 b6 29. Bf3 Kg7 30. Re1 Re7 31. Qd2 a6 32. b3 Ree8 33. Qc3 b5 34. axb5 axb5
35. Ra2 Re7 36. Rea1 Qd7 37. Ra8 Rxa8 38. Rxa8 Qc7 39. Ra6 bxc4 40. bxc4 Qb8
41. Kf2 Ra7 42. Rxa7+ Qxa7 43. Qb2 Nd7 44. Qb7 Qxb7 45. Bxb7 Kf6 46. Bc6 Nb6
47. Be4 Ke7 48. Ke3 Nd7 49. Bc6 Nf6 50. Bf3 Kd8 51. Ke2 Kc7 52. Ke3 Kb6 53. Kd2
Ka5 54. Kc3 Ka4 55. Kc2 Kb4 56. Kb2 e4 57. dxe4 Kxc4 58. Kc2 Kd4 59. Kd2 Nd7
60. Be2 Kxe4 61. Bd3+ Kd4 62. Be2 Nf6 63. Bf3 d5 64. Ke2 Kc3 65. Kd1 Kd3 66.
Be2+ Ke3 67. Ke1 c4 68. Bd1 d4 69. Kf1 d3 70. Ke1 c3 0-1

[Event "Robinson Cup"]
[Site "Paisley"]
[Date "2018.07.17"]
[Round "3.3"]
[White "Watson, Mikey J"]
[Black "Sibbald, Connor"]
[Result "1-0"]
[WhiteElo "1962"]
[BlackElo "1382"]
[PlyCount "125"]
[EventDate "2018.07.16"]
[WhiteTeam "England"]
[BlackTeam "Scotland"]
[WhiteTeamCountry "ENG"]
[BlackTeamCountry "SCO"]

1. Nf3 Nf6 2. c4 g6 3. g3 Bg7 4. d4 d6 5. Bg2 O-O 6. O-O Nbd7 7. Nc3 e5 8. e3
c6 9. d5 Qe7 10. Nd2 cxd5 11. cxd5 Rb8 12. a4 b6 13. Nc4 Ba6 14. Nb5 Bxb5 15.
axb5 Rfc8 16. b3 Rb7 17. Ba3 Nc5 18. Rc1 Rbc7 19. Bh3 Nfd7 20. b4 Ne4 21. Qe2
Ng5 22. Bg2 e4 23. Nd2 f5 24. h4 Nf7 25. Nb3 Nfe5 26. Nd4 Rxc1 27. Bxc1 Nd3 28.
Nc6 Qf7 29. Qa2 Nb8 30. Qc4 a6 31. Ne7+ Qxe7 32. Qxc8+ Qf8 33. Qc4 axb5 34.
Qxb5 Qd8 35. f3 Qc7 36. Bd2 Nd7 37. fxe4 fxe4 38. Qc6 Qd8 39. Bxe4 N3e5 40.
Qxd6 Nf7 41. Qe6 Nf6 42. Bc3 Qd6 43. Bxf6 Qxg3+ 44. Bg2 Bxf6 45. Rxf6 Qc7 46.
Qxf7+ Qxf7 47. Rxf7 Kxf7 48. e4 Kf6 49. Kf2 h6 50. Kf3 Ke5 51. Kg4 b5 52. h5 g5
53. Bf1 Kf6 54. Bxb5 Ke5 55. Be2 Kf6 56. b5 Ke5 57. b6 Kf6 58. b7 Kf7 59. b8=Q
Kg7 60. Qc7+ Kf8 61. d6 Kg8 62. Qe7 Kh8 63. d7 1-0

[Event "Robinson Cup"]
[Site "Paisley"]
[Date "2018.07.17"]
[Round "3.3"]
[White "Connolly Sams, Dietah"]
[Black "See, Tristian"]
[Result "0-1"]
[WhiteElo "1466"]
[BlackElo "1734"]
[PlyCount "120"]
[EventDate "2018.07.16"]
[WhiteTeam "Scotland"]
[BlackTeam "England"]
[WhiteTeamCountry "SCO"]
[BlackTeamCountry "ENG"]

1. d4 d5 2. c4 e6 3. Nc3 c5 4. cxd5 exd5 5. Nf3 Nc6 6. Bf4 Nf6 7. e3 a6 8. Be2
Be7 9. O-O O-O 10. Rc1 c4 11. b3 Ba3 12. Rc2 Bf5 13. Rd2 Bb4 14. Qc1 Bxc3 15.
Qxc3 Ne4 16. Qc1 Nxd2 17. Qxd2 cxb3 18. axb3 Qd7 19. Rc1 Rac8 20. h3 f6 21. b4
Ne7 22. Ra1 Rc2 23. Qe1 Rfc8 24. Kh2 Ng6 25. Bg3 Qc6 26. Qd1 Rc1 27. Rxc1 Qxc1
28. Qb3 Be4 29. Ng1 Qc2 30. Qa3 Qc3 31. Qa5 Qc6 32. Qa2 Ne7 33. Qa3 Nf5 34. Bg4
Nxg3 35. fxg3 f5 36. Be2 Qc3 37. Qxc3 Rxc3 38. g4 Rxe3 39. gxf5 Bxf5 40. Bf3
Be4 41. Bg4 Rb3 42. Ne2 Rxb4 43. Nc3 Rxd4 44. h4 b5 45. h5 b4 46. Na4 Rd2 47.
Bh3 b3 48. h6 gxh6 49. Kg1 b2 50. Nxb2 Rxb2 51. g4 d4 52. g5 hxg5 53. Kf1 d3
54. Be6+ Kg7 55. Bb3 Rxb3 56. Ke1 Rb2 57. Kd1 Ra2 58. Ke1 d2+ 59. Kf2 d1=Q+ 60.
Kg3 Qf3# 0-1

[Event "Robinson Cup"]
[Site "Paisley"]
[Date "2018.07.17"]
[Round "3.3"]
[White "Ratnesan, Rajeiv"]
[Black "Hartman, James"]
[Result "1-0"]
[WhiteElo "1648"]
[BlackElo "1335"]
[PlyCount "67"]
[EventDate "2018.07.16"]
[WhiteTeam "England"]
[BlackTeam "Scotland"]
[WhiteTeamCountry "ENG"]
[BlackTeamCountry "SCO"]

1. Nf3 d5 2. c4 d4 3. e3 c5 4. exd4 cxd4 5. d3 Nc6 6. g3 Bg4 7. Bg2 e6 8. O-O
Be7 9. Re1 Nf6 10. h3 Bh5 11. Qa4 O-O 12. a3 Bg6 13. Qc2 a5 14. Ne5 Nxe5 15.
Rxe5 Qc7 16. Rb5 Ra7 17. Bf4 Qc8 18. Nd2 Nh5 19. Be5 Rd8 20. g4 Nf6 21. Nf3 Bc5
22. Nh4 Nd7 23. Bg3 Nf8 24. Nxg6 Nxg6 25. Qa4 Qd7 26. Qc2 b6 27. Rb1 a4 28. Re1
Ne7 29. Ra1 Nc8 30. b3 axb3 31. Rxb3 Qa4 32. Qb2 Rdd7 33. Rb5 Ne7 34. Rxc5 1-0

[Event "Robinson Cup"]
[Site "Paisley"]
[Date "2018.07.17"]
[Round "3.3"]
[White "Maheshwari, Ritvik"]
[Black "Leslie, Alex"]
[Result "1/2-1/2"]
[WhiteElo "1281"]
[BlackElo "1654"]
[PlyCount "71"]
[EventDate "2018.07.16"]
[WhiteTeam "Scotland"]
[BlackTeam "England"]
[WhiteTeamCountry "SCO"]
[BlackTeamCountry "ENG"]

1. d4 Nf6 2. Nf3 e6 3. Bf4 b6 4. e3 Bb7 5. Nbd2 c5 6. c3 d5 7. Bd3 a6 8. O-O
Bd6 9. Bxd6 Qxd6 10. Ne5 Nbd7 11. f4 Ne4 12. Qc2 Nxd2 13. Qxd2 f6 14. Nxd7 Qxd7
15. Rac1 c4 16. Bc2 f5 17. b3 b5 18. b4 O-O 19. Ra1 Bc6 20. Rfb1 h6 21. Bd1 g6
22. Kh1 Qg7 23. a4 g5 24. a5 Kf7 25. Bf3 Rh8 26. Bh5+ Ke7 27. Rg1 Be8 28. Bxe8
Raxe8 29. Qe2 h5 30. Raf1 Reg8 31. Qf3 h4 32. Qf2 g4 33. Qe2 Kf6 34. Qd1 Qb7
35. Qe2 h3 36. g3 1/2-1/2

[Event "Robinson Cup"]
[Site "Paisley"]
[Date "2018.07.17"]
[Round "4.1"]
[White "Gupta, Utkarsh"]
[Black "Ratnesan, Ranesh"]
[Result "0-1"]
[WhiteElo "1797"]
[BlackElo "2073"]
[Annotator "Fiona"]
[PlyCount "43"]
[EventDate "2018.07.16"]
[WhiteTeam "Ireland"]
[BlackTeam "England"]
[WhiteTeamCountry "IRL"]
[BlackTeamCountry "ENG"]

1. e4 c5 2. Nf3 d6 3. d4 cxd4 4. Nxd4 Nf6 5. Nc3 a6 6. Be2 e5 7. Nb3 Be7 8. O-O
Be6 9. Bg5 O-O 10. Bxf6 Bxf6 11. Nd5 Nd7 12. Bg4 Rc8 13. c3 Bg5 14. Re1 g6 15.
g3 f5 16. Bh3 Nb6 17. Ne3 Qe7 18. exf5 gxf5 19. Bg2 Bxe3 20. Rxe3 Nc4 21. Re1
Kh8 22. Bd5 {scoresheets not clear after this move} 0-1

[Event "Robinson Cup"]
[Site "Paisley"]
[Date "2018.07.17"]
[Round "4.1"]
[White "Watson, Mikey J"]
[Black "Remenyik, David"]
[Result "1-0"]
[WhiteElo "1962"]
[BlackElo "1769"]
[PlyCount "107"]
[EventDate "2018.07.16"]
[WhiteTeam "England"]
[BlackTeam "Ireland"]
[WhiteTeamCountry "ENG"]
[BlackTeamCountry "IRL"]

1. Nf3 e6 2. c4 Nf6 3. g3 d5 4. d4 Be7 5. Bg2 O-O 6. b3 Bd7 7. O-O c5 8. Nbd2
Nc6 9. Bb2 cxd4 10. Nxd4 Rc8 11. e3 Nxd4 12. exd4 Bc6 13. c5 b6 14. b4 a5 15.
a3 bxc5 16. bxc5 a4 17. Bc3 Ne4 18. Nxe4 dxe4 19. Re1 f5 20. Rb1 Bf6 21. Rb4
Rb8 22. Qb1 Qc7 23. Rd1 Rb7 24. Qc2 Rfb8 25. Qe2 Bb5 26. Qe3 Bc6 27. Bf1 Bb5
28. Bxb5 Rxb5 29. Qe2 Rxb4 30. Bxb4 Qc6 31. Qc4 Rd8 32. Bc3 h6 33. Rb1 Rd7 34.
Rb6 Qd5 35. Rb4 Qxc4 36. Rxc4 Ra7 37. Rb4 Kf7 38. Kf1 g5 39. Ke2 f4 40. Bd2
fxg3 41. fxg3 Kg6 42. Ke3 e5 43. d5 Rc7 44. c6 Kf5 45. Rxe4 g4 46. Kd3 Be7 47.
Bb4 Bxb4 48. Rxb4 Kf6 49. Ke4 h5 50. Rc4 Rc8 51. d6 Ke6 52. d7 Rd8 53. c7 Kxd7
54. cxd8=Q+ 1-0

[Event "Robinson Cup"]
[Site "Paisley"]
[Date "2018.07.17"]
[Round "4.1"]
[White "Murphy, Adam"]
[Black "See, Tristian"]
[Result "1/2-1/2"]
[WhiteElo "1695"]
[BlackElo "1734"]
[PlyCount "118"]
[EventDate "2018.07.16"]
[WhiteTeam "Ireland"]
[BlackTeam "England"]
[WhiteTeamCountry "IRL"]
[BlackTeamCountry "ENG"]

1. d4 d5 2. Nf3 e6 3. e3 Nf6 4. Bd3 c5 5. c3 Nc6 6. Nbd2 cxd4 7. exd4 Bd6 8.
O-O O-O 9. Re1 Ne7 10. Ne5 Ng6 11. Ndf3 Nd7 12. Qe2 Bxe5 13. Nxe5 Ngxe5 14.
dxe5 f5 15. exf6 Nxf6 16. Bg5 Qb6 17. Be3 Qd6 18. Bd4 Bd7 19. Rad1 Qc6 20. c4
b6 21. cxd5 exd5 22. h3 Rae8 23. Qd2 Rxe1+ 24. Rxe1 Ne4 25. Bxe4 dxe4 26. Qg5
Rf7 27. Qe5 Bf5 28. g4 Bc8 29. Qxe4 Qxe4 30. Rxe4 Kf8 31. Bc3 Bd7 32. f4 g6 33.
Be5 Bc6 34. Rd4 Rd7 35. Kf2 Rxd4 36. Bxd4 Bd5 37. a3 Bb3 38. Kg3 Kf7 39. Kh4
Bc4 40. Kg5 Bf1 41. h4 Bh3 42. h5 Bf1 43. h6 Bd3 44. Kh4 Ke6 45. Kg3 Kd5 46.
Bc3 b5 47. Be5 a6 48. Kf2 Bc2 49. Ke3 Bd1 50. g5 Bg4 51. Kd3 a5 52. Bc7 a4 53.
Be5 Bf5+ 54. Kc3 Bd7 55. Kb4 Kc6 56. Ka5 Bc8 57. Kb4 Be6 58. Kc3 Kc5 59. Kd3
Bf5+ 1/2-1/2

[Event "Robinson Cup"]
[Site "Paisley"]
[Date "2018.07.17"]
[Round "4.1"]
[White "Ratnesan, Rajeiv"]
[Black "Farrelly, Eoin"]
[Result "1-0"]
[WhiteElo "1648"]
[BlackElo "1609"]
[PlyCount "89"]
[EventDate "2018.07.16"]
[WhiteTeam "England"]
[BlackTeam "Ireland"]
[WhiteTeamCountry "ENG"]
[BlackTeamCountry "IRL"]

1. Nf3 d5 2. c4 e6 3. b3 Nf6 4. g3 Nc6 5. Bg2 Bd6 6. O-O O-O 7. d4 b6 8. Bb2
Bb7 9. a3 a5 10. Qc2 Qd7 11. Nbd2 Rfe8 12. Rfe1 e5 13. cxd5 Nxd4 14. Nxd4 exd4
15. Bxd4 Nxd5 16. e4 Ne7 17. e5 Bxg2 18. Kxg2 Nf5 19. exd6 Nxd4 20. Qxc7 Qxc7
21. dxc7 Rxe1 22. Rxe1 Ne6 23. Nc4 Nxc7 24. Re7 Nd5 25. Rb7 g6 26. Nxb6 Nxb6
27. Rxb6 Kg7 28. Kf3 a4 29. Ke3 axb3 30. Rxb3 Kf6 31. Kd4 Ra7 32. Kc5 Rc7+ 33.
Kb6 Rc2 34. a4 Rxf2 35. h4 Kf5 36. a5 Kg4 37. a6 Ra2 38. a7 f5 39. Kb7 g5 40.
hxg5 Kxg5 41. a8=Q Rxa8 42. Kxa8 h5 43. Rb4 f4 44. Rxf4 h4 45. Rxh4 1-0

[Event "Robinson Cup"]
[Site "Paisley"]
[Date "2018.07.17"]
[Round "4.2"]
[White "Lary, Damien"]
[Black "Kante, Kalyan Sai Nandan"]
[Result "0-1"]
[WhiteElo "2098"]
[BlackElo "1531"]
[Annotator "Fiona"]
[PlyCount "48"]
[EventDate "2018.07.16"]
[WhiteTeam "France"]
[BlackTeam "Scotland"]
[WhiteTeamCountry "FRA"]
[BlackTeamCountry "SCO"]

1. d4 Nf6 2. c4 g6 3. f3 Bg7 4. e4 d6 5. Nc3 O-O 6. Bg5 c5 7. d5 a6 8. a4 e6 9.
Qd2 Re8 10. Be2 exd5 11. cxd5 Qc7 12. g4 Nbd7 13. Nh3 Ne5 14. Nf2 Rb8 15. h3
Qa5 16. f4 Ned7 17. O-O Qb4 18. Bh4 Kh8 19. a5 Qd4 20. Bd3 b5 21. Ne2 Qb4 22.
Qxb4 cxb4 23. Rac1 Nc5 24. Bc2 Bb7 {scoresheets not clear after this move} 0-1

[Event "Robinson Cup"]
[Site "Paisley"]
[Date "2018.07.17"]
[Round "4.2"]
[White "Sibbald, Connor"]
[Black "Brouard, Gregoire"]
[Result "0-1"]
[WhiteElo "1382"]
[BlackElo "1952"]
[PlyCount "74"]
[EventDate "2018.07.16"]
[WhiteTeam "Scotland"]
[BlackTeam "France"]
[WhiteTeamCountry "SCO"]
[BlackTeamCountry "FRA"]

1. d4 Nf6 2. c4 g6 3. Nc3 Bg7 4. e4 d6 5. f3 O-O 6. Be3 c5 7. Nge2 Na6 8. Qd2
Be6 9. d5 Bd7 10. Ng3 Nc7 11. Bd3 a6 12. h4 b5 13. h5 bxc4 14. Bxc4 Nb5 15.
hxg6 fxg6 16. Nce2 Qb6 17. Rb1 Na3 18. Rc1 Nxc4 19. Rxc4 Rf7 20. O-O a5 21. b3
Bb5 22. Rc2 Nd7 23. Rfc1 Ne5 24. Nf4 Rb8 25. Nge2 Qa6 26. Rd1 a4 27. Nc1 c4 28.
bxc4 Nxc4 29. Qf2 Bh6 30. g3 Rbf8 31. Nce2 g5 32. Ne6 Rxf3 33. Nxf8 Rxf2 34.
Bxf2 Bxf8 35. Nd4 Bd7 36. Rdc1 Ne5 37. Kg2 Qd3 0-1

[Event "Robinson Cup"]
[Site "Paisley"]
[Date "2018.07.17"]
[Round "4.2"]
[White "Randrianarimanana, Alicia"]
[Black "Connolly Sams, Dietah"]
[Result "1-0"]
[WhiteElo "1893"]
[BlackElo "1466"]
[PlyCount "107"]
[EventDate "2018.07.16"]
[WhiteTeam "France"]
[BlackTeam "Scotland"]
[WhiteTeamCountry "FRA"]
[BlackTeamCountry "SCO"]

1. d4 d5 2. e3 Nf6 3. Bd3 e6 4. f4 c5 5. b3 Nc6 6. Nf3 b6 7. O-O Bb7 8. Nbd2
Rc8 9. a3 Bd6 10. Bb2 O-O 11. Ne5 Ne7 12. g4 Ng6 13. g5 Ne4 14. Rf3 f6 15. gxf6
Rxf6 16. Rh3 Nxe5 17. dxe5 Rg6+ 18. Kf1 Bb8 19. Nf3 Qf8 20. Rh5 c4 21. Bxe4
dxe4 22. Nh4 Rd8 23. Bd4 Rh6 24. Rxh6 gxh6 25. Qg4+ Kh8 26. Qxe6 Bd5 27. Qf6+
Qxf6 28. exf6 Kg8 29. b4 Kf7 30. Kf2 Bd6 31. Rg1 Bf8 32. c3 Bc6 33. Nf5 Ba4 34.
Rg2 Bd1 35. Rg1 Ba4 36. Ng3 Bc2 37. h3 Rd5 38. Nf1 Bd3 39. Nh2 Bc2 40. Ng4 Ke6
41. Ne5 Bb3 42. f7 a5 43. Rg8 Rxe5 44. fxe5 Kxf7 45. Rh8 Bg7 46. e6+ Kg6 47.
Rg8 axb4 48. axb4 b5 49. Rxg7+ Kh5 50. e7 Bd1 51. e8=Q+ Kh4 52. Bf6+ Kxh3 53.
Qxe4 h5 54. Qh1# 1-0

[Event "Robinson Cup"]
[Site "Paisley"]
[Date "2018.07.17"]
[Round "4.2"]
[White "Hartman, James"]
[Black "Kien, Clovis"]
[Result "*"]
[WhiteElo "1335"]
[BlackElo "1696"]
[Annotator "Fiona"]
[PlyCount "47"]
[EventDate "2018.07.16"]
[WhiteTeam "Scotland"]
[BlackTeam "France"]
[WhiteTeamCountry "SCO"]
[BlackTeamCountry "FRA"]

1. d4 Nf6 2. Nf3 g6 3. Nc3 Bg7 4. e4 d6 5. Bf4 O-O 6. Qd2 Nbd7 7. Bh6 c5 8. h4
a6 9. h5 b5 10. hxg6 hxg6 11. Bxg7 Ng4 12. Bxf8 Qxf8 13. Qg5 Ndf6 14. e5 Nh7
15. Qh4 Qg7 16. Nd5 Be6 17. Nxe7+ Kf8 18. Qxh7 Qxh7 19. Rxh7 Kxe7 20. exd6+
Kxd6 21. dxc5+ Kxc5 22. Ng5 Re8 23. Nxe6+ Rxe6+ 24. Kd2 {scoresheets not clear
after this move} *

[Event "Robinson Cup"]
[Site "Paisley"]
[Date "2018.07.17"]
[Round "4.2"]
[White "Chemla, Anouk"]
[Black "Maheshwari, Ritvik"]
[Result "1/2-1/2"]
[WhiteElo "1715"]
[BlackElo "1281"]
[PlyCount "54"]
[EventDate "2018.07.16"]
[WhiteTeam "France"]
[BlackTeam "Scotland"]
[WhiteTeamCountry "FRA"]
[BlackTeamCountry "SCO"]

1. Nf3 d5 2. g3 Bf5 3. Bg2 e6 4. O-O Nf6 5. d4 Be7 6. c4 c6 7. Nbd2 Nbd7 8. h3
O-O 9. Nh4 Be4 10. Nxe4 Nxe4 11. cxd5 exd5 12. Nf5 Bg5 13. h4 Bxc1 14. Rxc1 Qf6
15. Bh3 Nb6 16. Qd3 Rfe8 17. g4 Nd6 18. g5 Qd8 19. Kh1 Nxf5 20. Bxf5 g6 21. Bh3
Re4 22. f4 Qe7 23. Bg2 Re3 24. Qb1 Rxe2 25. Bf3 Re3 26. f5 Nc4 27. Rcd1 Qd7
1/2-1/2

[Event "Robinson Cup"]
[Site "Paisley"]
[Date "2018.07.17"]
[Round "4.3"]
[White "Pham, Khoi"]
[Black "Rathbone-Jones, Ifan"]
[Result "1-0"]
[WhiteElo "2037"]
[BlackElo "1703"]
[PlyCount "111"]
[EventDate "2018.07.16"]
[WhiteTeam "Netherlands"]
[BlackTeam "Wales"]
[WhiteTeamCountry "NED"]
[BlackTeamCountry "WLS"]

1. e4 c5 2. Nf3 Nc6 3. d4 cxd4 4. Nxd4 e6 5. Nc3 a6 6. Be3 Bb4 7. Bd3 Nf6 8.
O-O d5 9. Nxc6 bxc6 10. e5 Nd7 11. Qg4 Bf8 12. f4 g6 13. Ne2 c5 14. c4 d4 15.
Bd2 Bb7 16. Ng3 Bg7 17. Rae1 Rb8 18. b3 Qe7 19. Ba5 Rc8 20. Be4 Bxe4 21. Nxe4
Rc6 22. Nd6+ Rxd6 23. exd6 Qxd6 24. f5 e5 25. Qe4 O-O 26. Bd2 Re8 27. Bg5 Bf6
28. h4 Bg7 29. Rf3 h6 30. fxg6 fxg6 31. Bf4 Rf8 32. Bg3 Rxf3 33. gxf3 Qe6 34.
Kg2 Qf5 35. f4 exf4 36. Qxf5 gxf5 37. Bxf4 Kf7 38. Kf3 Nf8 39. Bd6 Ne6 40. b4
d3 41. Rd1 Bc3 42. Rxd3 Bxb4 43. a3 Be1 44. Rd5 Nd4+ 45. Ke3 Nc2+ 46. Ke2 Bxh4
47. Bxc5 a5 48. Rxf5+ Ke6 49. Rd5 Bg5 50. Rd3 a4 51. Rd1 Ke5 52. Kd3 Nxa3 53.
Bxa3 h5 54. Ke2 Ke4 55. c5 Be7 56. c6 1-0

[Event "Robinson Cup"]
[Site "Paisley"]
[Date "2018.07.17"]
[Round "4.3"]
[White "Mcintosh, David"]
[Black "Kutchoukov, Daniel"]
[Result "0-1"]
[WhiteElo "1368"]
[BlackElo "1966"]
[Annotator "Fiona"]
[PlyCount "83"]
[EventDate "2018.07.16"]
[WhiteTeam "Wales"]
[BlackTeam "Netherlands"]
[WhiteTeamCountry "WLS"]
[BlackTeamCountry "NED"]

1. d4 Nf6 2. c4 c5 3. d5 g6 4. Nc3 Bg7 5. Nf3 O-O 6. g3 d6 7. e4 e6 8. Bg2 exd5
9. exd5 Re8+ 10. Ne2 Qe7 11. Bd2 b5 12. b3 bxc4 13. bxc4 Ba6 14. Rc1 Nbd7 15.
Bf4 Nb6 16. Nd2 Nfd7 17. Ne4 Nxc4 18. Qa4 f5 19. Qxa6 Ndb6 20. Rxc4 Nxc4 21.
Qxc4 fxe4 22. O-O Rab8 23. a3 Rb2 24. Bc1 Rb7 25. Nc3 Be5 26. Nxe4 Reb8 27. Bg5
Qf8 28. Bd2 Rb3 29. Qc1 Bb2 30. Qc2 Bxa3 31. Bc3 Qf5 32. Qd2 R3b6 33. Qa2 Bb4
34. Bxb4 cxb4 35. Qxa7 b3 36. Nxd6 Qg5 37. Ne4 Qe5 38. d6 b2 39. Rb1 Qd4 40.
Qe7 Rf8 41. d7 Rc6 42. Qg5 {[%emt 0:00:42] scoresheet unclear after move} 0-1

[Event "Robinson Cup"]
[Site "Paisley"]
[Date "2018.07.17"]
[Round "4.3"]
[White "Maters, Arthur"]
[Black "Smith, Madeleine"]
[Result "1-0"]
[WhiteElo "1945"]
[BlackElo "1126"]
[PlyCount "101"]
[EventDate "2018.07.16"]
[WhiteTeam "Netherlands"]
[BlackTeam "Wales"]
[WhiteTeamCountry "NED"]
[BlackTeamCountry "WLS"]

1. e4 e5 2. Bc4 Nf6 3. d3 Bc5 4. Nc3 Nc6 5. f4 d6 6. Nf3 Bg4 7. Na4 Qe7 8. Nxc5
dxc5 9. Be3 O-O-O 10. h3 Bxf3 11. Qxf3 Nd4 12. Bxd4 cxd4 13. O-O-O Rd6 14. fxe5
Qxe5 15. Bxf7 Rf8 16. Bb3 Nd7 17. Qe2 Nc5 18. Rdf1 Nxb3+ 19. cxb3 Rc6+ 20. Kb1
Rff6 21. Rxf6 Qxf6 22. Rf1 Qg5 23. Rf8+ Kd7 24. Qf1 Rf6 25. Rxf6 Qxf6 26. Qxf6
gxf6 27. Kc2 Ke6 28. Kd2 Ke5 29. Ke2 Kf4 30. Kf2 b5 31. g3+ Ke5 32. b4 a6 33.
a3 h5 34. Kf3 Kd6 35. g4 hxg4+ 36. Kxg4 Ke6 37. h4 Kf7 38. Kf5 Kg7 39. h5 Kh6
40. Kxf6 Kxh5 41. e5 Kg4 42. e6 Kf3 43. e7 Ke3 44. e8=Q+ Kxd3 45. Ke5 Kc2 46.
Kxd4 Kxb2 47. Qe3 c6 48. Qd2+ Kxa3 49. Kc3 c5 50. Qb2+ Ka4 51. Qb3# 1-0

[Event "Robinson Cup"]
[Site "Paisley"]
[Date "2018.07.18"]
[Round "5.1"]
[White "Elgersma, Onno"]
[Black "Gupta, Utkarsh"]
[Result "1-0"]
[WhiteElo "2150"]
[BlackElo "1797"]
[PlyCount "79"]
[EventDate "2018.07.16"]
[WhiteTeam "Netherlands"]
[BlackTeam "Ireland"]
[WhiteTeamCountry "NED"]
[BlackTeamCountry "IRL"]

1. e4 e6 2. d4 d5 3. Nc3 dxe4 4. Nxe4 Nd7 5. Nf3 Ngf6 6. Nxf6+ Nxf6 7. g3 Be7
8. Bg2 O-O 9. O-O Bd7 10. Ne5 Rb8 11. c4 Re8 12. Qd3 Bc8 13. Rd1 Nd7 14. Be3
Bf6 15. f4 Nxe5 16. dxe5 Qxd3 17. Rxd3 Be7 18. Bxa7 Ra8 19. Be3 g6 20. a3 Ra4
21. Rc1 Rd8 22. Rxd8+ Bxd8 23. Bc5 c6 24. Rd1 Bc7 25. Be7 Ra8 26. Bd8 Bxd8 27.
Rxd8+ Kg7 28. g4 Kh6 29. g5+ Kg7 30. Kf2 h6 31. h4 hxg5 32. hxg5 Kh7 33. Ke3
Kg7 34. Kd4 Kh7 35. a4 Kg7 36. a5 Kh7 37. b4 Kg7 38. Kc5 Kh7 39. Kb6 Ra6+ 40.
Kc7 1-0